Bosnia and Herzegovina Administrative Regions Quiz - Statistics

General Stats
  • This quiz has been taken 49 times
  • The average score is 5 of 13
Answer Stats
Capital Region % Correct
Banja Luka Serb Republic
74%
______ Brčko
67%
______ Sarajevo
67%
Sarajevo Federation of Bosnia and Herzegovina
56%
Ljubuski West Herzegovina
33%
Travnik Central Bosnia
30%
Mostar Herzegovina-Neretva
30%
Orasje Posavina
30%
______ Tuzla
26%
Bihac Una-Sana
26%
______ Zenica-Doboj
26%
Gorazde Bosnian-Podrinje
19%
Livno Western Bosnia
19%
No matching quizzes found
Score Distribution
Percent of People with Each Score
Percentile by Number Answered
Your Score History
You have not taken this quiz